Statistiques concernant Trivial pursuit - Questions #3

Cliquez ici pour prendre le quiz!

Statistiques générales

  • Ce quiz a été pris 675 fois
  • Le résultat moyen est 17 sur 30

Statistiques - réponses

HintRéponse% Correct
Que fête-t-on tous les 11 novembre en France ?L'armistice de la Première Guerre mondiale
94%
Quel dictateur a dirigé l’URSS de 1922 à 1953 ?Joseph Staline
93%
Dans quel sport évoluait Mohamed Ali ?La boxe
88%
Sous quel autre nom, les aurores polaires sont-elles aussi connues dans l'hémisphère nord ?Aurores boréales
87%
Sur le territoire de quel pays actuel pouvait-on trouver les Aztèques ?Mexique
87%
Quel présentateur TV anime l'émission "N'oubliez pas les paroles" ?Nagui
82%
Quel sportif détient le record du monde du 100 mètres avec 9 s 58 ?Usain Bolt
82%
Qui est à l'origine de la théorie de la gravitation universelle ?Isaac Newton
77%
Quel pays possède plus de lacs, que tout le reste du monde réuni ?Canada
75%
Dans quelle catégorie d’instruments de musique l’accordéon est-il classé ?Instruments à vent
75%
Quel était le surnom du célèbre dramaturge français nommé Jean-Baptiste Poquelin ?Molière
74%
Quelle est la planète du système solaire la plus éloignée du Soleil ?Neptune
74%
Quelle mer est reliée à la Méditerranée par le canal de Suez ?La Mer Rouge
73%
Quel roi de France a proclamé l’Édit de Nantes ?Henri IV
57%
Quel pays a remporté le plus de médailles aux jeux olympiques d'hiver au total ?La Norvège
55%
Quel est le premier pays du monde a avoir remporté la coupe du monde de football masculin ?L'Uruguay
54%
Dans quelle ville italienne l’action de la pièce de Shakespeare « Roméo et Juliette » se situe-t-elle ?Vérone
53%
Quel détroit se trouve entre la Sibérie et l'Alaska ?Le détroit de Béring
47%
Quel animal est Monstro dans le film Pinocchio ?Une baleine
46%
Dans quelle ville décerne-t-on l’ours d’or pour récompenser le meilleur film ?Berlin
44%
Quelle maladie animale transmise à l’homme tue chaque année 55000 personnes dans le monde et provoque une inflammation du cerveau ?La rage
39%
Quelle est la capitale du Cambodge ?Phnom Penh
39%
Qui a peint le tableau "La Trahison des images" représentant une pipe ?René Magritte
38%
À quel compositeur doit-on les bandes-son de films comme « Il était une fois en Amérique », « Pour une poignée de dollars », ou le « Le clan des Siciliens » ?Ennio Morricone
37%
Quel réalisateur a réalisé « Parle avec elle » et « Volver » ?Pedro Almodóvar
31%
Dans quel sport pratique-t-on « l’arraché » et « l’épaulé jeté » ?L'haltérophilie
30%
À quel calendrier sont associés les mois de Brumaire, Thermidor ou Pluviôse ?Le calendrier républicain
29%
Comment s’appelle une bande de terre resserrée qui sépare deux mers ?Un isthme
29%
Qui est le 4ᵉ membre actuel de l’équipe des 4 fantastiques avec : Mr Fantastique, la Torche humaine et la Chose ?La femme invisible
27%
Quel est le nom scientifique donné aux globules rouges ?Les érythrocytes
10%

Distribution des résultats

Percentile par nombre de réponses

% des personnes avec chaque résultat

Votre développement - résultats

Vous n’avez pas pris ce quiz